000 00506nam a22001697a 4500
003 BD-ChCU
005 20260128101854.0
008 260128b bg ||||| |||| 00| 0 ben d
040 _cBD-ChCU
082 _a355.03350973 SYS
100 _aE. S. Quade & W. I. Boucher. ed.
_919823
245 _aSystems analysis & policy planning :
_bapplications in defense.
260 _aNew York
_bAmerican Elsevier.
_c1971
300 _axxviii, 453p
650 0 _aU. S. - Military Policy.
_919824
942 _2ddc
_cBK
_n0
999 _c111339
_d111339